Normal view
MARC view
- Norrie, Alan W.
Entry Personal Name
001 - CONTROL NUMBER
- control field: 94218
003 - CONTROL NUMBER IDENTIFIER
- control field: NUST
005 - DATE AND TIME OF LATEST TRANSACTION
- control field: 20220721092227.0
008 - FIXED-LENGTH DATA ELEMENTS
- fixed length control field: 220721|| aca||aabn | a|a d
040 ## - CATALOGING SOURCE
- Original cataloging agency: NUST
- Transcribing agency: NUST
100 ## - HEADING--PERSONAL NAME
- Personal name: Norrie, Alan W.
- Fuller form of name: (Alan William),
- Dates associated with a name: 1953-
670 ## - SOURCE DATA FOUND
- Source citation: Work cat.: (NUST)0: Norrie, Alan W. (Alan William), 1953- author., Crime, reason and history :
